000 00559nam a2200181Ia 4500
008 100917s9999 xx 000 0 und d
082 _b35608
100 _aमाडगुळकर ग. दि.
245 _aभाताचे फूल (आ. 2 री)
260 _bकुलकर्णी ग्रंथागार
_c1979
300 _a146
365 _b10
520 _aकथा
630 _aभाताचे फूल (आ. 2 री)
650 _aकथा
730 _aभाताचे फूल (आ. 2 री)
942 _cBOOK
999 _c641002
_d640999